000
00298nam a22001457a 4500
008
230522b ||||| |||| 00| 0 eng d
020
_a
9782264078124
041
_a
FRA
080
_a
82
082
_a
82McC
100
_a
38
101
_a
GJL
245
_a
APEIROGON
_c
McCANN.C
942
_2
udc
_c
BK
999
_c
59791
_d
59791